Contratos de concesión con CPT S.A. y Entel Perú S.A. (hoy Telefónica del Perú S.A.A. (Registro nro. 9643)
[ vista simple ]
| 000 -Cabecera | |
|---|---|
| Campo de control interno | 00535nam a2200181Ia 4500 |
| 005 - Fecha y hora del registro | |
| control field | 20260306161733.0 |
| 008 - Elementos de Longitud Fija | |
| fixed length control field | 260306t2001||||xx |||||||||||||| ||spa|| |
| 041 ## - Idioma | |
| Codigo Idioma | ESP |
| 082 ## - DEWEY y NOTACIÓN INTERNA | |
| Dewey | 384.6 |
| Notación Interna | O82 |
| 100 ## - AUTOR | |
| Autor denominación | Perú. Organismo Supervisor de Inversión Privada en Telecomunicaciones |
| Término de relación | autor |
| 245 #0 - TÍTULO DE MATERIAL BIBLIOGRÁFICO | |
| Título | Contratos de concesión con CPT S.A. y Entel Perú S.A. (hoy Telefónica del Perú S.A.A. |
| 260 ## - CIUDAD, EDITORIAL, AÑO | |
| Año | 2001 |
| 300 ## - DESCRIPCIÓN | |
| N° Páginas | 297 páginas : |
| Dimensiones | 23 cm. |
| 650 ## - TEMAS | |
| Temas | Generalidades |
| 654 ## - PROGRAMAS | |
| Programa | Dpto. de Administración de Negocios |
| 942 ## - ELEMENTOS DE KOHA | |
| Tipo de documento | Libro |
| Nombre del creador | Justo Noguera |
| Código de catalogador | Justo Noguera |
| Esquema de clasificación | Dewey Decimal Classification |
| Suppress in OPAC | |
| Codigo completo | Registro | Colección | Copia número | Disponibilidad | Tipo de préstamo | Biblioteca Actual | Procedencia (Biblioteca) | Ubicacón | Fecha Ingreso | Tipo de Adquisición | Date last seen | Total checkouts | Price effective from | Tipo de Item | Estado del Material | Fuente de Clasificación | Damaged status | Withdrawn status |
|---|---|---|---|---|---|---|---|---|---|---|---|---|---|---|---|---|---|---|
| 384.6 O82 | U0014847 | Universidad Católica San Pablo | 1 | Disponible | Disponible | Víctor Andrés Belaunde | Víctor Andrés Belaunde | Planta baja abierta | 03/06/2026 | Donación | 06/03/2026 | 06/03/2026 | Libro | Bueno | Dewey Decimal Classification |




